| 000 | 00969nam a22002537a 4500 | ||
|---|---|---|---|
| 999 |
_c11991 _d11991 |
||
| 003 | AR-CdUCM | ||
| 008 | 190405b ||||| |||| 00| 0 spa d | ||
| 040 |
_aMUNICIPALIDAD PROVINCIAL DEL CUSCO _cBIBLIOTECA MUNICIPAL DEL CUSCO |
||
| 082 |
_a708.85 / _bC48 / 1949 |
||
| 110 |
_aInstituto de investigaciones de arte Peruano y Americano _929620 |
||
| 245 |
_aCeramica Peruana : _bMochica y Nazca / |
||
| 260 |
_aLima : _bPublicaciones del instituto de investigaciones e arte Peruano y americano, _c1949. |
||
| 300 |
_a29 paginas ; _bIlustraciones, _c21 cm. |
||
| 440 |
_aDocumentos del arte Peruano _nVII _929632 |
||
| 505 | _aContenido : Cerámica Peruana -- Generalidades -- Cerámica Mochica -- Denominación -- Cerámica Nazca... | ||
| 650 |
_aCermaica _929633 |
||
| 650 |
_aPeru _9429 |
||
| 650 |
_aColores _929634 |
||
| 650 |
_aFormas _923016 |
||
| 650 |
_aMorfología _915689 |
||
| 650 |
_aLineas _929635 |
||
| 942 |
_2ddc _cLIBROS |
||
| 945 |
_awnts _d2019-04-05 |
||